| 000 | 00000cas 2200000zi 4500 |
| 001 | 9.955424 |
| 003 | CaOODSP |
| 005 | 20251210092100 |
| 006 | m o d f |
| 007 | cr cn |||||||| |
| 008 | 250917c20239999mbcar p o s f0 0fre|d |
| 040 | |aCaOODSP|bfre|erda|cCaOODSP |
| 043 | |an-cn-bc|an-cnp-- |
| 086 | 1 |aA92-65F-PDF |
| 245 | 00|aBlé roux de printemps de l'Ouest canadien (CWRS). |pDonnées sur la qualité des récoltes de blé CWRS no 1, échantillons de l'Ouest des Prairies regroupés. |
| 264 | 1|a[Winnipeg] : |bCommission canadienne des grains = Canadian Grain Commission, |c[2023]- |
| 310 | |aAnnuel |
| 336 | |atexte|btxt|2rdacontent/fre |
| 337 | |ainformatique|bc|2rdamedia/fre |
| 338 | |aressource en ligne|bcr|2rdacarrier/fre |
| 362 | 1 |aParaît depuis : 2023. |
| 500 | |aPublié aussi en anglais sous le titre : Canada Western Red Spring (CWRS) wheat. Harvest quality data for no. 1 CWRS, western prairie aggregates. |
| 520 | |a« Le présent rapport présente des données sur la qualité des récoltes de blé roux de printemps de l'Ouest canadien (CWRS) ... Les échantillons de blé ont été soumis au Programme d'échantillons de récolte de la Commission canadienne des grains par des producteurs et des compagnies céréalières. Les données sur la qualité sont compilées à partir des résultats des analyses effectuées au Laboratoire de recherches sur les grains et seront mises à jour au fur et à mesure que d'autres échantillons seront reçus. » |
| 588 | |aDescription d'après : 2023; titre de départ du fichier PDF. |
| 588 | |aDernière livraison consultée : 2024. |
| 650 | 6|aBlé roux de printemps|xQualité|zCanada (Ouest)|vStatistiques|vPériodiques. |
| 655 | 7|aPériodiques|2rvmgf |
| 655 | 7|aStatistiques|2rvmgf |
| 710 | 2 |aCommission canadienne des grains, |eorganisme de publication. |
| 710 | 2 |aLaboratoire de recherches sur les grains (Canada), |eorganisme de publication. |
| 775 | 08|tCanada Western Red Spring (CWRS) wheat. |w(CaOODSP)9.955425 |